| 000 | 00712nam a2200205Ia 4500 | ||
|---|---|---|---|
| 003 | GCL | ||
| 005 | 20240530103311.0 | ||
| 008 | 140319s9999 xx 000 0 ara d | ||
| 040 |
_aGCL / _cGCL |
||
| 082 | 0 | 4 |
_a327.1 _bق/ك ن |
| 100 | 1 | _aكامل زهيرى | |
| 245 | 1 | 0 |
_aالنيل في خطر : _bمشروعات تحويل مياه النيل من هرتزل الى بيجن 1903 : 1980 / _cكامل زهيرى |
| 250 | _aط1 | ||
| 260 |
_aالقاهرة : _bالعربى للنشر والتوزيع |
||
| 300 |
_a111 ص ؛ _c24 سم |
||
| 650 | 0 | 4 | _aالجغرافيا الطبيعية |
| 650 | 0 | 4 | _aنهر النيل |
| 650 | 0 | 4 | _aالصراع العربى الاسرائيلى |
| 942 |
_2ddc _cBK |
||
| 999 |
_c38307 _d38307 |
||